<?xml version="1.0" encoding="UTF-8"?>
<record
    xmlns:xsi="http://www.w3.org/2001/XMLSchema-instance"
    xsi:schemaLocation="http://www.loc.gov/MARC21/slim http://www.loc.gov/standards/marcxml/schema/MARC21slim.xsd"
    xmlns="http://www.loc.gov/MARC21/slim">

  <leader>01355nam a22002657a 4500</leader>
  <datafield tag="999" ind1=" " ind2=" ">
    <subfield code="c">358064</subfield>
    <subfield code="d">358064</subfield>
  </datafield>
  <controlfield tag="003">IT-MiSPE</controlfield>
  <controlfield tag="005">20181114203732.0</controlfield>
  <controlfield tag="008">181114b           ||||| |||| 00| 0 eng d</controlfield>
  <datafield tag="020" ind1=" " ind2=" ">
    <subfield code="c">10.000 LIRE</subfield>
  </datafield>
  <datafield tag="040" ind1=" " ind2=" ">
    <subfield code="a">IT-MiSPE</subfield>
    <subfield code="b">ita</subfield>
    <subfield code="c">IT-MiSPE</subfield>
    <subfield code="d">IT-MiSPE</subfield>
  </datafield>
  <datafield tag="041" ind1=" " ind2=" ">
    <subfield code="a">ita</subfield>
    <subfield code="h">ger</subfield>
  </datafield>
  <datafield tag="082" ind1=" " ind2=" ">
    <subfield code="a">833-HES he pe (23207)</subfield>
  </datafield>
  <datafield tag="100" ind1=" " ind2=" ">
    <subfield code="a">Hesse, Hermann,</subfield>
    <subfield code="c">Premio Nobel (1946).</subfield>
    <subfield code="d">1877-1962.</subfield>
    <subfield code="e">autore</subfield>
    <subfield code="9">57503</subfield>
  </datafield>
  <datafield tag="240" ind1=" " ind2=" ">
    <subfield code="a">Peter Camenzind ;</subfield>
    <subfield code="l">ger</subfield>
  </datafield>
  <datafield tag="245" ind1=" " ind2=" ">
    <subfield code="a">Peter Camenzind /</subfield>
    <subfield code="c">introduzione di Italo A. Chiusano ; traduzione di Ervino Pocar</subfield>
  </datafield>
  <datafield tag="260" ind1=" " ind2=" ">
    <subfield code="a">Milano :</subfield>
    <subfield code="b">Mondadori, </subfield>
    <subfield code="c">&#xA9;1980 [1992]</subfield>
  </datafield>
  <datafield tag="300" ind1=" " ind2=" ">
    <subfield code="a">139 p. ;</subfield>
    <subfield code="c">18,5 cm</subfield>
  </datafield>
  <datafield tag="490" ind1=" " ind2=" ">
    <subfield code="a">Oscar narratori del Novecento</subfield>
  </datafield>
  <datafield tag="520" ind1=" " ind2=" ">
    <subfield code="a">Viene descritta l'esistenza di un uomo nato in un piccolo villaggio tra le montagne. Peter si distingue subito per il suo amore esuberante per la vita all'aria aperta, completamente immersa nella natura; passa il suo tempo nei boschi ad osservar la fauna selvatica. La vicenda si focalizza sulla trasformazione interiore nel tempo di Peter il quale, attraverso l'educazione, riesce a sceglier la propria carriera, l'attivit&#xE0; intellettuale.</subfield>
  </datafield>
  <datafield tag="546" ind1=" " ind2=" ">
    <subfield code="a">Traduzione di Ervino Pocar</subfield>
  </datafield>
  <datafield tag="655" ind1=" " ind2=" ">
    <subfield code="a">Lingua e letteratura tedesca</subfield>
    <subfield code="9">57496</subfield>
  </datafield>
  <datafield tag="700" ind1=" " ind2=" ">
    <subfield code="a">Pocar, Ervino</subfield>
    <subfield code="d">1892-1981</subfield>
    <subfield code="e">tr.</subfield>
    <subfield code="9">57500</subfield>
  </datafield>
  <datafield tag="700" ind1=" " ind2=" ">
    <subfield code="a">Chiusano, Italo Alighiero</subfield>
    <subfield code="d">1926-1995</subfield>
    <subfield code="e">introduzione</subfield>
    <subfield code="9">57504</subfield>
  </datafield>
  <datafield tag="942" ind1=" " ind2=" ">
    <subfield code="2">ddc</subfield>
    <subfield code="c">BK</subfield>
  </datafield>
  <datafield tag="952" ind1=" " ind2=" ">
    <subfield code="0">0</subfield>
    <subfield code="1">0</subfield>
    <subfield code="2">ddc</subfield>
    <subfield code="4">0</subfield>
    <subfield code="6">833HES_HE_PE_23207</subfield>
    <subfield code="7">1</subfield>
    <subfield code="a">CINISELLO</subfield>
    <subfield code="b">CINISELLO</subfield>
    <subfield code="d">2018-11-14</subfield>
    <subfield code="l">0</subfield>
    <subfield code="o">833-HES he pe (23207)</subfield>
    <subfield code="r">2018-11-14 00:00:00</subfield>
    <subfield code="w">2018-11-14</subfield>
    <subfield code="y">BK</subfield>
  </datafield>
</record>
